Estrés laboral y dirección escolar : escala de medición y jerarquía de estresores (Record no. 168973)

MARC details
000 -CABECERA
campo de control de longitud fija 00790nab a2200241 a 4500
005 - FECHA Y HORA DE LA ÚLTIMA TRANSACCIÓN
campo de control 20210219162045.0
008 - ELEMENTOS DE LONGITUD FIJA--INFORMACIÓN GENERAL
campo de control de longitud fija 991125s1985 mx 000 0 spa u
035 ## - NÚMERO DE CONTROL DEL SISTEMA
Número de control de sistema UPN01000196872
100 1# - ASIENTO PRINCIPAL--NOMBRE PERSONAL
Nombre de persona Tejero González, Carlos María
100 1# - ASIENTO PRINCIPAL--NOMBRE PERSONAL
Filiación carlos.tejero@ua
222 ## - TÍTULO CLAVE
Título clave BORDON :
Información calificativa REVISTA DE PEDAGOGIA
245 ## - MENCIÓN DE TÍTULO
Título Estrés laboral y dirección escolar : escala de medición y jerarquía de estresores
260 ## - PUBLICACIÓN, DISTRIBUCIÓN, ETC.
Lugar de publicación, distribución, etc. Madrid, España
300 ## - DESCRIPCIÓN FÍSICA
Extensión 123-137
362 0# - FECHAS DE PUBLICACIÓN Y/O DESIGNACIÓN SECUENCIAL
Fecha de publicación y/o designación secuencial 2010 Vol. 62, no. 1
653 0# - TERMINO DE INDIZACION - NO CONTROLADO
Término no controlado SINDROME DE BURNOUT
653 0# - TERMINO DE INDIZACION - NO CONTROLADO
Término no controlado DIRECCION ESCOLAR
653 0# - TERMINO DE INDIZACION - NO CONTROLADO
Término no controlado SATISFACCION LABORAL
700 1# - ASIENTO SECUNDARIO--NOMBRE DE PERSONAL
Nombre de persona Fernández Díaz, María José,
Término indicativo de función/relación coaut.
700 1# - ASIENTO SECUNDARIO--NOMBRE DE PERSONAL
Filiación mjfdiaz@edu.ucm.es
856 1# - LOCALIZACIÓN Y ACCESO ELECTRÓNICOS
Identificador Uniforme del Recurso <a href="http://dialnet.unirioja.es/servlet/articulo?codigo=3178544">http://dialnet.unirioja.es/servlet/articulo?codigo=3178544</a>
905 ## - TIPO DE MATERIAL
Tipo de material Articulo

No items available.